000 00796nam a22002657a 4500
001 96
003 FISKH
005 20231005121012.0
008 230223b cb ||||| |||| 00| 0 eng d
010 _a 2016299496
040 _aDLC
_beng
_erda
_cDLC
_dDLC
_dFISKH
050 0 0 _aPZ8.M159 MLCS 2016/42172 (P)
082 _a398.2
100 1 _aMcDermott, Gerald
245 1 0 _aAnansi the spider :
_ba tale from the Ashanti
_cby Gerald McDermott
264 1 _aWoodstock, Illinois :
_bDramatic Publishing Company,
_c[2014]
300 _a43 pages ;
_c19 cm.
336 _atext
_btxt
_2rdacontent
337 _aunmediated
_bn
_2rdamedia
338 _avolume
_bnc
_2rdacarrier
521 8 _a430
_bLexile
521 8 _aH
_bRaz-Plus
906 _a7
_bcbc
_corignew
_d4
_encip
_f20
_gy-gencatlg
942 _2ddc
_cBK
_n0
999 _c96
_d96